Normal view
MARC view
- MAYNARD, HAROLD B,STEGEMERTEN, G. J,LOWRY, STEWART M
Entry Personal Name
001 - CONTROL NUMBER
- control field: 57241
003 - CONTROL NUMBER IDENTIFIER
- control field: NUST
005 - DATE AND TIME OF LATEST TRANSACTION
- control field: 20210628201858.0
008 - FIXED-LENGTH DATA ELEMENTS
- fixed length control field: 210628|| aca||aabn | a|a d
040 ## - CATALOGING SOURCE
- Original cataloging agency: NUST
- Transcribing agency: NUST
100 ## - HEADING--PERSONAL NAME
- Personal name: MAYNARD, HAROLD B,STEGEMERTEN, G. J,LOWRY, STEWART M
670 ## - SOURCE DATA FOUND
- Source citation: Work cat.: (NUST): MAYNARD, HAROLD B,STEGEMERTEN, G. J,LOWRY, STEWART M, TIME AND MOTION STUDY FORMULAS FOR WAGE INCENTIVES, 1940
